[Event "European Youth Chess Championship B16"]
[Site "Prague, Top Hotel Prague"]
[Date "2012.08.19"]
[Round "3.1"]
[White "Boruchovsky, Avital"]
[Black "Studer, Noel"]
[Result "1-0"]
[WhiteElo "2415"]
[BlackElo "2273"]
[PlyCount "0"]
[EventDate "2012.08.17"]
1. c4 {[%clk 1:30:55]} e6 {[%clk 1:30:53]} 2. g3 {[%clk 1:31:12]} Nf6
{[%clk 1:31:00]} 3. Bg2 {[%clk 1:31:32]} d5 {[%clk 1:29:00]} 4. Nf3
{[%clk 1:31:50]} Nbd7 {[%clk 1:26:48]} 5. b3 {[%clk 1:20:44]} Be7
{[%clk 1:24:46]} 6. Bb2 {[%clk 1:19:07]} O-O {[%clk 1:24:49]} 7. O-O
{[%clk 1:19:28]} Re8 {[%clk 1:15:39]} 8. Nc3 {[%clk 1:10:30]} b6 {[%clk 0:55:58]}
9. d4 {[%clk 1:05:08]} Bb7 {[%clk 0:56:17]} 10. Ne5 {[%clk 1:05:06]} c5
{[%clk 0:41:39]} 11. Nxd7 {[%clk 0:54:43]} Qxd7 {[%clk 0:41:30]} 12. cxd5
{[%clk 0:55:07]} exd5 {[%clk 0:41:21]} 13. e3 {[%clk 0:54:25]} Qf5
{[%clk 0:33:18]} 14. dxc5 {[%clk 0:46:03]} bxc5 {[%clk 0:33:22]} 15. Qf3
{[%clk 0:46:01]} Qe6 {[%clk 0:30:34]} 16. Rfd1 {[%clk 0:44:36]} Rad8
{[%clk 0:27:32]} 17. Ne2 {[%clk 0:40:51]} Ne4 {[%clk 0:17:27]} 18. Nf4
{[%clk 0:39:11]} Qh6 {[%clk 0:14:43]} 19. Qh5 {[%clk 0:33:31]} Qxh5
{[%clk 0:11:57]} 20. Nxh5 {[%clk 0:33:59]} Bf8 {[%clk 0:12:19]} 21. Nf4
{[%clk 0:30:25]} f5 {[%clk 0:09:05]} 22. h4 {[%clk 0:25:58]} Rd7 {[%clk 0:07:17]}
23. Rd3 {[%clk 0:22:15]} Kf7 {[%clk 0:07:19]} 24. Rad1 {[%clk 0:21:01]} Red8
{[%clk 0:07:44]} 25. g4 {[%clk 0:20:26]} Bd6 {[%clk 0:06:10]} 26. gxf5
{[%clk 0:17:29]} Bxf4 {[%clk 0:06:36]} 27. Bxe4 {[%clk 0:17:49]} Bd6
{[%clk 0:06:02]} 28. Bg2 {[%clk 0:17:06]} Be7 {[%clk 0:06:26]} 29. h5
{[%clk 0:16:55]} Bf6 {[%clk 0:06:28]} 30. Ba3 {[%clk 0:16:43]} Be7
{[%clk 0:06:02]} 31. R3d2 {[%clk 0:14:14]} d4 {[%clk 0:03:17]} 32. Bxb7
{[%clk 0:13:38]} Rxb7 {[%clk 0:03:46]} 33. exd4 {[%clk 0:13:51]} Rbd7
{[%clk 0:03:35]} 34. d5 {[%clk 0:14:11]} Kf6 {[%clk 0:03:45]} 35. Rd3
{[%clk 0:12:58]} Kxf5 {[%clk 0:02:25]} 36. Kg2 {[%clk 0:13:12]} Kf6
{[%clk 0:00:56]} 37. Rf3+ {[%clk 0:13:22]} Ke5 {[%clk 0:00:34]} 38. Bb2+ Kd6 39.
Bxg7 {[%clk 0:13:25]} Kc7 {[%clk 0:00:37]} 40. Be5+ {[%clk 0:42:46]} Bd6
{[%clk 0:30:39]} 41. Bxd6+ {[%clk 0:42:38]} Kxd6 {[%clk 0:30:58]} 42. Rf6+
{[%clk 0:41:31]} Ke5 {[%clk 0:30:51]} 43. Re6+ {[%clk 0:41:11]} Kf5
{[%clk 0:31:16]} 44. Rc6 {[%clk 0:40:09]} Rxd5 {[%clk 0:27:41]} 45. Rxd5+
{[%clk 0:39:10]} Rxd5 {[%clk 0:28:05]} 46. Rc7 {[%clk 0:39:25]} c4
{[%clk 0:17:04]} 47. bxc4 {[%clk 0:25:01]} Ra5 {[%clk 0:17:24]} 48. Rxh7
{[%clk 0:25:22]} Kg5 {[%clk 0:11:30]} 49. Kg3 {[%clk 0:19:10]} Ra3+
{[%clk 0:09:07]} 50. f3 {[%clk 0:19:33]} a5 {[%clk 0:08:02]} 51. c5
{[%clk 0:18:39]} a4 {[%clk 0:04:25]} 52. c6 {[%clk 0:16:57]} Rxa2
{[%clk 0:04:02]} 53. f4+ {[%clk 0:16:14]} Kf5 {[%clk 0:03:45]} 54. Rf7+
{[%clk 0:15:03]} Ke6 {[%clk 0:04:05]} 55. Ra7 {[%clk 0:15:09]} Rc2
{[%clk 0:01:45]} 56. c7 {[%clk 0:15:27]} a3 {[%clk 0:01:25]} 57. h6
{[%clk 0:15:44]} a2 {[%clk 0:01:49]} 58. h7 {[%clk 0:16:08]} Rxc7
{[%clk 0:02:08]} 59. Ra6+ {[%clk 0:16:35]} 1-0

[Event "European Youth Chess Championship B16"]
[Site "Prague, Top Hotel Prague"]
[Date "2012.08.19"]
[Round "3.2"]
[White "Yanchenko, Roman"]
[Black "Santos Latasa, Jaime"]
[Result "1/2-1/2"]
[WhiteElo "2230"]
[BlackElo "2403"]
[PlyCount "0"]
[EventDate "2012.08.17"]

1. d4 {[%clk 1:30:58]} Nf6 {[%clk 1:30:44]} 2. c4 {[%clk 1:31:24]} c5
{[%clk 1:31:00]} 3. e3 {[%clk 1:31:49]} cxd4 {[%clk 1:31:10]} 4. exd4
{[%clk 1:32:17]} d5 {[%clk 1:31:31]} 5. Nc3 {[%clk 1:32:31]} e6 {[%clk 1:31:43]}
6. Nf3 {[%clk 1:32:29]} Bb4 {[%clk 1:32:08]} 7. Bd3 {[%clk 1:26:01]} O-O
{[%clk 1:30:49]} 8. O-O {[%clk 1:25:29]} dxc4 {[%clk 1:30:56]} 9. Bxc4
{[%clk 1:25:51]} Nbd7 {[%clk 1:30:56]} 10. Qb3 {[%clk 1:19:33]} Bxc3
{[%clk 1:30:11]} 11. bxc3 {[%clk 1:19:58]} b6 {[%clk 1:30:20]} 12. Re1
{[%clk 0:50:14]} Bb7 {[%clk 1:27:51]} 13. Ng5 {[%clk 0:41:34]} Bd5
{[%clk 1:23:01]} 14. Bxd5 {[%clk 0:40:25]} exd5 {[%clk 1:23:13]} 15. Ba3
{[%clk 0:39:28]} Re8 {[%clk 1:23:35]} 16. c4 {[%clk 0:39:09]} h6 {[%clk 1:22:36]}
17. Nf3 dxc4 {[%clk 1:22:14]} 18. Qxc4 {[%clk 0:39:38]} Rc8 {[%clk 1:22:30]} 19.
Qb3 {[%clk 0:37:19]} Qc7 {[%clk 1:22:24]} 20. Rec1 {[%clk 0:26:33]} Qb7
{[%clk 1:19:43]} 21. Rxc8 {[%clk 0:22:57]} Rxc8 {[%clk 1:20:05]} 22. Re1
{[%clk 0:21:13]} Qd5 {[%clk 1:20:06]} 23. Qb1 {[%clk 0:18:06]} Rc3
{[%clk 1:16:50]} 24. Be7 {[%clk 0:17:14]} Rc6 {[%clk 1:15:40]} 25. Bxf6
{[%clk 0:14:29]} Nxf6 {[%clk 1:16:02]} 26. h3 {[%clk 0:14:48]} Re6
{[%clk 1:15:48]} 27. Rxe6 {[%clk 0:13:52]} Qxe6 {[%clk 1:16:07]} 28. Qc2
{[%clk 0:13:35]} Nd5 {[%clk 1:16:13]} 29. a3 {[%clk 0:13:38]} Qd7
{[%clk 1:11:46]} 30. Qc4 {[%clk 0:09:56]} f6 {[%clk 1:08:41]} 31. Nh4
{[%clk 0:08:19]} Qe6 {[%clk 1:05:14]} 32. Ng6 {[%clk 0:08:48]} Kf7
{[%clk 1:03:55]} 33. Nh8+ {[%clk 0:09:17]} Ke8 {[%clk 1:02:57]} 34. Ng6
{[%clk 0:09:46]} Kd8 {[%clk 1:02:07]} 35. Qb5 {[%clk 0:09:01]} Kc7
{[%clk 0:57:30]} 36. Qa6 {[%clk 0:07:20]} Kb8 {[%clk 0:57:03]} 37. Qb5
{[%clk 0:07:49]} Kb7 {[%clk 0:56:51]} 38. Qb3 {[%clk 0:07:51]} Qe4
{[%clk 0:55:41]} 39. Qb5 {[%clk 0:07:41]} Nc7 {[%clk 0:55:59]} 40. Qh5
{[%clk 0:37:49]} Qe1+ {[%clk 1:26:10]} 41. Kh2 {[%clk 0:38:15]} Qxf2
{[%clk 1:26:31]} 42. Ne7 {[%clk 0:27:35]} Qf4+ {[%clk 1:25:48]} 43. Kh1
{[%clk 0:28:04]} Qc1+ {[%clk 1:25:45]} 44. Kh2 {[%clk 0:28:27]} Qxa3
{[%clk 1:26:01]} 45. Qe2 {[%clk 0:28:16]} Qd6+ {[%clk 1:24:34]} 46. Kh1
{[%clk 0:28:44]} Ne6 {[%clk 1:18:51]} 47. Qe4+ {[%clk 0:23:53]} Kc7
{[%clk 1:19:13]} 48. Nf5 {[%clk 0:16:45]} Qc6 {[%clk 1:18:37]} 49. Qe1
{[%clk 0:17:06]} Qd5 {[%clk 1:17:53]} 50. Ne7 {[%clk 0:16:58]} Qd7
{[%clk 1:14:48]} 51. Qc3+ {[%clk 0:11:58]} Kd8 {[%clk 1:14:52]} 52. Nc6+
{[%clk 0:12:24]} Ke8 {[%clk 1:15:15]} 53. Qc4 {[%clk 0:11:27]} a5
{[%clk 1:07:50]} 54. d5 {[%clk 0:08:53]} Nc7 {[%clk 1:03:19]} 55. d6
{[%clk 0:06:44]} Qxd6 {[%clk 1:03:27]} 56. Qg8+ {[%clk 0:06:56]} Qf8
{[%clk 1:03:19]} 57. Qb3 {[%clk 0:07:11]} Kd7 {[%clk 1:02:01]} 58. Qxb6
{[%clk 0:06:53]} Qd6 {[%clk 0:56:38]} 59. Nb8+ {[%clk 0:07:21]} Ke7
{[%clk 0:55:55]} 60. Qxa5 {[%clk 0:07:11]} Kd8 {[%clk 0:52:45]} 61. Qa4
{[%clk 0:06:52]} Kc8 {[%clk 0:52:21]} 62. Nc6 {[%clk 0:07:21]} g5
{[%clk 0:52:18]} 63. Nd4 {[%clk 0:06:53]} h5 {[%clk 0:52:12]} 64. Qc4
{[%clk 0:06:03]} Qd5 {[%clk 0:52:17]} 65. Qxd5 {[%clk 0:05:33]} Nxd5
{[%clk 0:52:40]} 66. h4 {[%clk 0:05:50]} Kd7 {[%clk 0:51:47]} 67. hxg5
{[%clk 0:06:01]} fxg5 {[%clk 0:52:09]} 68. g4 {[%clk 0:06:18]} hxg4
{[%clk 0:52:23]} 69. Kh2 {[%clk 0:06:19]} Kd6 {[%clk 0:52:19]} 70. Kg3
{[%clk 0:06:45]} Nf6 {[%clk 0:52:31]} 71. Nf5+ {[%clk 0:07:09]} Ke5
{[%clk 0:52:51]} 72. Nh6 {[%clk 0:07:27]} Ke4 {[%clk 0:52:41]} 73. Ng8
{[%clk 0:07:39]} 1/2-1/2

[Event "European Youth Chess Championship B16"]
[Site "Prague, Top Hotel Prague"]
[Date "2012.08.19"]
[Round "3.3"]
[White "Bortnik, Alexandr"]
[Black "Kobo, Ori"]
[Result "1-0"]
[WhiteElo "2365"]
[BlackElo "2249"]
[PlyCount "0"]
[EventDate "2012.08.17"]

1. e4 {[%clk 1:30:58]} e5 {[%clk 1:30:51]} 2. Nf3 {[%clk 1:31:18]} Nc6
{[%clk 1:31:17]} 3. Bb5 {[%clk 1:31:40]} a6 {[%clk 1:31:37]} 4. Ba4
{[%clk 1:31:57]} d6 {[%clk 1:31:53]} 5. d3 {[%clk 1:32:08]} Nf6 {[%clk 1:31:18]}
6. O-O {[%clk 1:32:05]} Be7 {[%clk 1:30:06]} 7. c3 {[%clk 1:30:25]} O-O
{[%clk 1:30:27]} 8. Re1 {[%clk 1:26:47]} b5 {[%clk 1:30:10]} 9. Bc2
{[%clk 1:25:08]} d5 {[%clk 1:29:09]} 10. d4 {[%clk 1:19:08]} Nxe4
{[%clk 1:10:05]} 11. Nxe5 {[%clk 1:11:35]} Nxe5 {[%clk 1:10:16]} 12. dxe5
{[%clk 1:11:46]} Be6 {[%clk 0:53:05]} 13. Qe2 {[%clk 0:55:08]} Re8
{[%clk 0:40:20]} 14. Bxe4 {[%clk 0:51:24]} dxe4 {[%clk 0:40:45]} 15. Nd2
{[%clk 0:44:44]} Bd5 {[%clk 0:28:43]} 16. Nxe4 {[%clk 0:42:51]} Qc8
{[%clk 0:27:48]} 17. Ng3 {[%clk 0:40:42]} Bc5 {[%clk 0:24:09]} 18. Bf4
{[%clk 0:36:41]} Qb7 {[%clk 0:22:31]} 19. b4 {[%clk 0:33:14]} Bb6
{[%clk 0:21:20]} 20. Nf5 {[%clk 0:31:55]} Be6 {[%clk 0:18:17]} 21. Nd4
{[%clk 0:22:14]} Bc4 {[%clk 0:14:23]} 22. Qg4 {[%clk 0:18:51]} Bxd4
{[%clk 0:14:17]} 23. cxd4 {[%clk 0:19:16]} Re6 {[%clk 0:13:11]} 24. Bg3
{[%clk 0:18:17]} a5 {[%clk 0:09:59]} 25. bxa5 {[%clk 0:17:31]} Qd5
{[%clk 0:06:34]} 26. a3 {[%clk 0:14:36]} Rxa5 {[%clk 0:04:46]} 27. f4
{[%clk 0:13:49]} h5 {[%clk 0:02:44]} 28. Qxh5 {[%clk 0:08:58]} Qxd4+
{[%clk 0:03:09]} 29. Kh1 {[%clk 0:08:54]} Rh6 {[%clk 0:02:09]} 30. Qg5
{[%clk 0:07:32]} Rg6 {[%clk 0:01:51]} 31. Qe7 {[%clk 0:07:37]} Raa6
{[%clk 0:00:51]} 32. Rad1 {[%clk 0:06:31]} Qa7 {[%clk 0:00:57]} 33. Rd8+
{[%clk 0:06:28]} Kh7 {[%clk 0:01:22]} 34. f5 {[%clk 0:06:14]} Rh6
{[%clk 0:00:35]} 35. Qf8 {[%clk 0:06:31]} Rxh2+ {[%clk 0:00:34]} 36. Bxh2
{[%clk 0:06:57]} 1-0

[Event "European Youth Chess Championship B16"]
[Site "Prague, Top Hotel Prague"]
[Date "2012.08.19"]
[Round "3.4"]
[White "Bida, Mihai-Eugen"]
[Black "Drozdowski, Kacper"]
[Result "0-1"]
[WhiteElo "2213"]
[BlackElo "2350"]
[PlyCount "0"]
[EventDate "2012.08.17"]

1. e4 {[%clk 1:30:57]} c5 {[%clk 1:30:55]} 2. Nf3 {[%clk 1:31:21]} e6
{[%clk 1:31:17]} 3. c3 {[%clk 1:31:44]} d5 {[%clk 1:31:28]} 4. exd5
{[%clk 1:32:03]} Qxd5 {[%clk 1:31:53]} 5. d4 {[%clk 1:32:21]} Nf6
{[%clk 1:32:10]} 6. Na3 {[%clk 1:32:21]} Nc6 {[%clk 1:32:07]} 7. Be3
{[%clk 1:32:05]} cxd4 {[%clk 1:30:07]} 8. Nb5 {[%clk 1:32:02]} Qd8
{[%clk 1:29:15]} 9. Nbxd4 {[%clk 1:32:15]} Nxd4 {[%clk 1:27:33]} 10. Bxd4
{[%clk 1:32:04]} Be7 {[%clk 1:24:27]} 11. Bd3 {[%clk 1:31:10]} O-O
{[%clk 1:22:42]} 12. Qe2 {[%clk 1:27:23]} Qc7 {[%clk 1:08:56]} 13. O-O-O
{[%clk 1:17:36]} Rd8 {[%clk 1:05:07]} 14. Kb1 {[%clk 1:12:08]} Bd7
{[%clk 0:59:46]} 15. h4 {[%clk 1:03:22]} Bc6 {[%clk 0:49:56]} 16. h5
{[%clk 0:53:53]} Rd5 {[%clk 0:41:55]} 17. Ne5 {[%clk 0:45:27]} Rad8
{[%clk 0:36:29]} 18. Rhe1 {[%clk 0:38:42]} Be8 {[%clk 0:33:53]} 19. g4
{[%clk 0:29:42]} Bc5 {[%clk 0:23:45]} 20. g5 {[%clk 0:22:57]} Bxd4
{[%clk 0:22:53]} 21. cxd4 {[%clk 0:23:17]} Nd7 {[%clk 0:23:04]} 22. Nxf7
{[%clk 0:17:04]} Bxf7 {[%clk 0:23:08]} 23. g6 {[%clk 0:17:25]} Nf8
{[%clk 0:22:34]} 24. gxf7+ {[%clk 0:17:11]} Qxf7 {[%clk 0:22:58]} 25. h6
{[%clk 0:14:48]} g6 {[%clk 0:22:37]} 26. Bc2 {[%clk 0:11:00]} Rxd4
{[%clk 0:15:18]} 27. Rxd4 {[%clk 0:10:42]} Rxd4 {[%clk 0:15:46]} 28. Qe5
{[%clk 0:09:33]} Rd5 {[%clk 0:15:56]} 29. Qc3 {[%clk 0:09:35]} Rh5
{[%clk 0:12:03]} 30. Qe3 {[%clk 0:07:10]} Qf6 {[%clk 0:11:27]} 31. Qxa7
{[%clk 0:06:38]} Rxh6 {[%clk 0:11:45]} 32. Qxb7 {[%clk 0:06:24]} Qxf2
{[%clk 0:11:50]} 33. Rd1 {[%clk 0:06:26]} Rh2 {[%clk 0:11:28]} 34. Qc7
{[%clk 0:06:16]} Rh5 {[%clk 0:09:42]} 35. Bb3 {[%clk 0:05:25]} Qc5
{[%clk 0:07:45]} 36. Qd8 {[%clk 0:04:40]} Qf5+ {[%clk 0:06:38]} 37. Bc2
{[%clk 0:04:14]} Qf3 {[%clk 0:05:16]} 38. a4 {[%clk 0:03:43]} Rc5
{[%clk 0:04:57]} 39. Qb6 {[%clk 0:02:41]} Qf2 {[%clk 0:04:24]} 40. Qb3
{[%clk 0:32:24]} h5 {[%clk 0:34:20]} 41. Bd3 {[%clk 0:21:19]} h4 {[%clk 0:30:45]}
42. Bc4 {[%clk 0:19:12]} Qf5+ {[%clk 0:27:34]} 43. Ka2 {[%clk 0:18:28]} Qg4
{[%clk 0:25:20]} 44. Rc1 {[%clk 0:17:29]} Ra5 {[%clk 0:13:00]} 45. Re1
{[%clk 0:10:29]} Qd4 {[%clk 0:11:11]} 46. Bxe6+ {[%clk 0:08:24]} Nxe6
{[%clk 0:07:15]} 47. Qxe6+ {[%clk 0:08:12]} Kg7 {[%clk 0:07:40]} 48. Qe7+
{[%clk 0:08:00]} Kh6 {[%clk 0:07:47]} 49. Qf8+ {[%clk 0:06:40]} Kh5
{[%clk 0:08:05]} 50. Qf3+ {[%clk 0:06:33]} Qg4 {[%clk 0:08:00]} 51. Qxg4+
{[%clk 0:06:46]} Kxg4 {[%clk 0:08:28]} 52. Rg1+ {[%clk 0:06:03]} Kh5
{[%clk 0:08:48]} 53. Ka3 {[%clk 0:06:18]} g5 {[%clk 0:08:08]} 54. b4
{[%clk 0:06:29]} Ra8 {[%clk 0:08:28]} 55. b5 {[%clk 0:06:29]} g4 {[%clk 0:08:41]}
56. b6 {[%clk 0:05:20]} h3 {[%clk 0:08:39]} 57. b7 {[%clk 0:04:27]} Rb8
{[%clk 0:07:13]} 58. Rb1 {[%clk 0:04:49]} g3 {[%clk 0:02:44]} 59. a5
{[%clk 0:05:29]} Rxb7 60. Rxb7 g2 {[%clk 0:03:12]} 61. Rg7 {[%clk 0:03:07]} h2
{[%clk 0:02:53]} 62. Rxg2 {[%clk 0:02:58]} h1=Q {[%clk 0:03:20]} 63. Ra2
{[%clk 0:02:56]} Qc1+ {[%clk 0:02:31]} 64. Kb3 {[%clk 0:03:04]} Qb1+
{[%clk 0:02:49]} 65. Rb2 {[%clk 0:03:20]} Qd3+ {[%clk 0:03:04]} 66. Ka4
{[%clk 0:03:17]} Qc4+ {[%clk 0:02:18]} 67. Rb4 {[%clk 0:03:35]} Qc6+
{[%clk 0:02:47]} 68. Rb5+ {[%clk 0:02:48]} Kg6 {[%clk 0:02:20]} 69. Kb4
{[%clk 0:03:09]} Kf7 {[%clk 0:02:28]} 70. Rb6 {[%clk 0:02:37]} Qe4+
{[%clk 0:02:52]} 71. Kb5 {[%clk 0:02:54]} Qd5+ {[%clk 0:03:00]} 72. Ka6
{[%clk 0:02:40]} Ke7 {[%clk 0:03:20]} 73. Rb5 {[%clk 0:02:31]} Qa8+
{[%clk 0:03:38]} 74. Kb6 {[%clk 0:02:51]} Kd6 {[%clk 0:03:05]} 75. a6
{[%clk 0:03:13]} Qb8+ {[%clk 0:02:39]} 76. Ka5 {[%clk 0:03:34]} Qc7+
{[%clk 0:03:03]} 77. Kb4 {[%clk 0:03:48]} Qa7 {[%clk 0:03:23]} 78. Ra5
{[%clk 0:03:26]} Kc6 {[%clk 0:03:12]} 79. Ra4 {[%clk 0:02:15]} Qc5+
{[%clk 0:02:26]} 80. Kb3 {[%clk 0:02:35]} Kb5 {[%clk 0:02:15]} 81. a7
{[%clk 0:01:42]} Qd5+ {[%clk 0:01:59]} 82. Ka3 {[%clk 0:01:38]} Qf3+
{[%clk 0:02:23]} 0-1

[Event "European Youth Chess Championship B16"]
[Site "Prague, Top Hotel Prague"]
[Date "2012.08.19"]
[Round "3.6"]
[White "Tsydypov, Zhamsaran"]
[Black "Mirzoev, Emil"]
[Result "1/2-1/2"]
[WhiteElo "2328"]
[BlackElo "2241"]
[PlyCount "0"]
[EventDate "2012.08.17"]

1. e4 {[%clk 1:30:24]} c5 {[%clk 1:30:57]} 2. Nf3 {[%clk 1:30:45]} e6
{[%clk 1:31:22]} 3. d4 {[%clk 1:31:09]} cxd4 {[%clk 1:31:49]} 4. Nxd4
{[%clk 1:31:32]} a6 {[%clk 1:32:02]} 5. c4 {[%clk 1:31:53]} Nf6 {[%clk 1:32:14]}
6. Nc3 {[%clk 1:32:05]} Bb4 {[%clk 1:28:16]} 7. Qd3 {[%clk 1:32:23]} Nc6
{[%clk 1:27:40]} 8. Nc2 {[%clk 1:30:13]} d5 {[%clk 1:05:01]} 9. Bg5
{[%clk 1:16:53]} Bxc3+ {[%clk 0:52:41]} 10. Qxc3 {[%clk 1:17:11]} Nxe4
{[%clk 0:52:25]} 11. Bxd8 {[%clk 0:59:46]} Nxc3 {[%clk 0:52:49]} 12. Bc7
{[%clk 1:00:10]} Ne4 {[%clk 0:49:45]} 13. f3 {[%clk 0:59:23]} Nf6
{[%clk 0:49:06]} 14. Rd1 {[%clk 0:53:53]} O-O {[%clk 0:48:26]} 15. g4
{[%clk 0:52:38]} dxc4 {[%clk 0:48:10]} 16. Bxc4 {[%clk 0:53:00]} b5
{[%clk 0:47:49]} 17. Bb3 {[%clk 0:53:15]} Bb7 {[%clk 0:45:49]} 18. g5
{[%clk 0:48:40]} Rfc8 {[%clk 0:46:05]} 19. Bb6 {[%clk 0:46:46]} Ne8
{[%clk 0:46:27]} 20. O-O {[%clk 0:42:15]} a5 {[%clk 0:42:07]} 21. a4
{[%clk 0:33:49]} Ne5 {[%clk 0:38:48]} 22. Ne1 {[%clk 0:31:05]} bxa4
{[%clk 0:37:51]} 23. Ba2 {[%clk 0:26:06]} Ra6 {[%clk 0:37:42]} 24. Be3
{[%clk 0:23:32]} Rd6 {[%clk 0:28:58]} 25. Rxd6 {[%clk 0:23:36]} Nxd6
{[%clk 0:29:27]} 26. Bf4 {[%clk 0:23:10]} Rc5 {[%clk 0:27:08]} 27. Rf2
{[%clk 0:22:40]} Nf5 {[%clk 0:26:48]} 28. Rd2 {[%clk 0:22:50]} Kf8
{[%clk 0:25:26]} 29. Kf2 {[%clk 0:22:26]} Ke7 {[%clk 0:23:37]} 30. Bb1
{[%clk 0:22:56]} Nc4 {[%clk 0:23:08]} 31. Rc2 {[%clk 0:23:04]} Rc8
{[%clk 0:20:28]} 32. Ba2 {[%clk 0:22:37]} Ncd6 {[%clk 0:19:26]} 33. Rxc8
{[%clk 0:22:38]} Bxc8 {[%clk 0:19:21]} 34. Bd2 {[%clk 0:23:08]} Ba6
{[%clk 0:18:40]} 35. Bxa5 {[%clk 0:23:27]} Nd4 {[%clk 0:17:43]} 36. Bc3
{[%clk 0:23:26]} e5 {[%clk 0:17:44]} 37. Bb4 {[%clk 0:23:10]} f6 {[%clk 0:17:49]}
38. Bg8 {[%clk 0:20:44]} h6 {[%clk 0:18:07]} 39. gxh6 {[%clk 0:19:59]} gxh6
{[%clk 0:18:36]} 40. Ng2 {[%clk 0:50:05]} Kd7 {[%clk 0:47:57]} 41. Ne3
{[%clk 0:48:51]} f5 {[%clk 0:46:08]} 42. Nd5 {[%clk 0:45:41]} f4 {[%clk 0:45:59]}
43. Nb6+ {[%clk 0:44:14]} Kc6 {[%clk 0:45:59]} 44. Bd5+ {[%clk 0:44:22]} Kxb6
{[%clk 0:45:33]} 45. Bxd6 {[%clk 0:44:47]} Bb7 {[%clk 0:45:05]} 46. Bxe5
{[%clk 0:44:20]} Bxd5 {[%clk 0:45:29]} 47. Bxd4+ {[%clk 0:44:47]} Kc6
{[%clk 0:45:39]} 48. Be5 {[%clk 0:45:13]} h5 {[%clk 0:46:03]} 49. Bxf4
{[%clk 0:45:38]} Kd7 {[%clk 0:46:17]} 50. Bb8 1/2-1/2

[Event "European Youth Chess Championship B16"]
[Site "Prague, Top Hotel Prague"]
[Date "2012.08.19"]
[Round "3.7"]
[White "Harutyunian, Tigran K"]
[Black "Stathopoulos, Ioannis"]
[Result "1-0"]
[WhiteElo "2308"]
[BlackElo "2216"]
[PlyCount "0"]
[EventDate "2012.08.17"]

1. d4 {[%clk 1:30:54]} Nf6 {[%clk 1:30:51]} 2. c4 {[%clk 1:31:17]} g6
{[%clk 1:31:13]} 3. Nf3 {[%clk 1:31:21]} Bg7 {[%clk 1:31:35]} 4. g3
{[%clk 1:31:41]} O-O {[%clk 1:31:49]} 5. Bg2 {[%clk 1:32:06]} d6 {[%clk 1:32:09]}
6. Nc3 {[%clk 1:32:28]} Nc6 {[%clk 1:32:26]} 7. O-O {[%clk 1:32:47]} a6
{[%clk 1:32:47]} 8. d5 {[%clk 1:32:45]} Na5 {[%clk 1:32:58]} 9. Nd2
{[%clk 1:33:05]} c5 {[%clk 1:33:06]} 10. Rb1 {[%clk 1:33:06]} Rb8
{[%clk 1:32:44]} 11. b3 {[%clk 1:33:21]} b5 {[%clk 1:31:47]} 12. Bb2
{[%clk 1:32:53]} Bh6 {[%clk 1:22:15]} 13. Ba1 {[%clk 1:32:06]} Bf5
{[%clk 1:05:45]} 14. e4 {[%clk 1:31:33]} Bg4 {[%clk 1:02:03]} 15. Qc2
{[%clk 1:30:26]} e5 {[%clk 0:58:43]} 16. h3 {[%clk 1:09:50]} Bd7 {[%clk 0:57:57]}
17. f4 {[%clk 1:05:31]} Nh5 {[%clk 0:49:19]} 18. Ne2 {[%clk 1:04:17]} f6
{[%clk 0:48:16]} 19. Kh2 {[%clk 1:00:03]} Qe7 {[%clk 0:42:43]} 20. Bc3
{[%clk 0:56:38]} Nb7 {[%clk 0:42:00]} 21. cxb5 {[%clk 0:52:36]} axb5
{[%clk 0:39:26]} 22. a4 {[%clk 0:52:43]} b4 {[%clk 0:39:06]} 23. Bb2
{[%clk 0:52:31]} Na5 {[%clk 0:39:15]} 24. Bf3 {[%clk 0:47:20]} Bc8
{[%clk 0:37:19]} 25. Bxh5 {[%clk 0:43:42]} gxh5 {[%clk 0:37:35]} 26. Nf3
{[%clk 0:43:39]} Bd7 {[%clk 0:34:00]} 27. Bc1 {[%clk 0:35:49]} Qg7
{[%clk 0:21:33]} 28. Nh4 {[%clk 0:36:05]} Rbc8 {[%clk 0:20:29]} 29. Qd3
{[%clk 0:34:21]} c4 {[%clk 0:17:25]} 30. bxc4 {[%clk 0:34:38]} Rxc4
{[%clk 0:17:21]} 31. Bd2 {[%clk 0:35:01]} Rb8 {[%clk 0:16:50]} 32. Rfc1
{[%clk 0:33:42]} Rxc1 {[%clk 0:05:37]} 33. Rxc1 {[%clk 0:34:00]} Qf8
{[%clk 0:04:21]} 34. Rb1 {[%clk 0:29:07]} Bxa4 {[%clk 0:02:56]} 35. Rxb4
{[%clk 0:28:06]} Nb3 {[%clk 0:03:15]} 36. Nf5 {[%clk 0:26:09]} Rc8
{[%clk 0:01:19]} 37. Rxa4 {[%clk 0:25:08]} Nc5 {[%clk 0:01:38]} 38. Qc2
{[%clk 0:24:55]} Nxa4 {[%clk 0:01:02]} 39. Qxc8 {[%clk 0:24:11]} 1-0